| 000 | 00619nam a2200217Ia 4500 | ||
|---|---|---|---|
| 003 | OSt | ||
| 005 | 20250203113832.0 | ||
| 008 | 210716s1987 xx 000 0 und d | ||
| 020 | _a0394755235 | ||
| 040 | _cAIMIT LIBRARY | ||
| 041 | _aeng | ||
| 082 |
_a818.5402 _21 _bSMIY |
||
| 100 |
_aSmirnoff, Yakov. _9197142 |
||
| 245 |
_aAmerica on six rubles a day / _cBy Yakov Smirnoff. |
||
| 250 | _a1st ed. | ||
| 260 |
_aNew York : _bVintage books ; _c1987. |
||
| 300 |
_a124p. ; _bPB _c20 cm. |
||
| 650 |
_aNice things about Russia _9197143 |
||
| 650 |
_aFinding work _9197144 |
||
| 942 |
_2ddc _cBK _e1st ed. _k818.5402 SMIY |
||
| 999 |
_c199868 _d199868 |
||